000 01469nam a2200433 i 4500
001 47081
003 KOSZ 005
005 20200706105114.0
008 200423s1973 pl a f f 000 0 pol
015 _aUWD 1973/9894
035 _a991037509499705066
035 _a(PL-WaBN)b20058251-48omnis_nlop
035 _ab20058251
035 _a(OCoLC)839012272
035 _a(PL)b0000002005825
035 _a(EXLNZ-48OMNIS_NETWORK)9910381950505606
040 _aWA N
_cWA N
_dKOSZ 005/RW
046 _k1973
080 _a514.18
080 _a(075.8)
100 1 _aKoczyk, Henryk
_d( -1998)
_eAutor
245 1 0 _aZbiór zadań z geometrii wykreślnej z dyspozycjami wymiarowymi i rozwiązaniami.
_n[1],
_pZadania /
_cHenryk Koczyk.
260 _aWarszawa :
_bPaństwowe Wydawnictwo Naukowe,
_c1973.
300 _a133, [3] strony :
_bilustracje ;
_c24 cm.
336 _aTekst
_btxt
_2rdacontent
337 _aBez urządzenia posredniczącego
_bn
_2rdamedia
338 _aWolumin
_bnc
_2rdacarrier
380 _aKsiążki
380 _aPublikacje dydaktyczne
388 _a1901-2000
388 _a1945-1989
650 7 _aGeometria wykreślna
_2DBN
655 7 _aPodręczniki akademickie
_2DBN
658 _aMatematyka
710 2 _aPaństwowe Wydawnictwo Naukowe
_4pbl
856 _uhttp://koha.tu.koszalin.pl/cgi-bin/koha/opac-detail.pl?biblionumber=47081
_yKatalog online BPK
942 _2UKD
_cKS
999 _c47081
_d47081